Statistics for Former Countries of the Russian Empire

Click here to take the quiz!

General Stats

  • This quiz has been taken 40 times
  • The average score is 17 of 18

Answer Stats

Country% Correct
Tajikistan
100%
Ukraine
100%
Armenia
97%
Azerbaijan
97%
Estonia
97%
Moldova
97%
Poland
97%
Belarus
94%
Finland
94%
Kazakhstan
94%
Latvia
94%
Lithuania
94%
Turkmenistan
94%
Uzbekistan
94%
Georgia
91%
Kyrgyzstan
91%
Russia
88%
Turkey
82%

Score Distribution

Percentile by Number Answered

Percent of People with Each Score

Your Score History

You have not taken this quiz